| 000 | 00887cam a22002891 4500 | ||
|---|---|---|---|
| 001 | 8417964 | ||
| 003 | OSt | ||
| 005 | 20230626085230.0 | ||
| 008 | 750808s1959 xx 000 0 eng | ||
| 010 | _a 59002797 | ||
| 015 | _aGB59-2971 | ||
| 035 | _a(OCoLC)1526531 | ||
| 040 |
_aDLC _cFJUNF _dOCoLC _dUk _dDLC |
||
| 042 | _apremarc | ||
| 082 |
_a330.99 _bCON |
||
| 100 | 1 |
_aCondliffe, J. B. _q(John Bell), _d1891-1981. |
|
| 245 | 1 | 0 |
_aNew Zealand in the making; _ba study of economic and social development. |
| 250 | _a[2d rev. ed.] | ||
| 260 |
_aLondon, _bAllen & Unwin _c[1959] |
||
| 300 |
_a316 p. _billus. _c23 cm. |
||
| 504 | _aIncludes bibliography. | ||
| 651 | 0 |
_aNew Zealand _xEconomic conditions. |
|
| 651 | 0 |
_aNew Zealand _xSocial conditions. |
|
| 651 | 0 |
_aNew Zealand _xPolitics and government. |
|
| 906 |
_a7 _bcbc _coclcrpl _du _encip _f19 _gy-gencatlg |
||
| 942 |
_2ddc _cBK |
||
| 999 |
_c2590 _d2590 |
||